00810cam a22002537a 4500003000500000005001700005008004100022010001000063011001000073020001500083035001000098040000900108082002100117110000800138245013300146260002400279300002200303490007900325650002600404700001500430700001400445700001800459830007900477CHAP20220817043542.0990614d1994 it rn 00110 fre d a78273 a79245 a925203496X a89415 cCHAP04a338.9bF44f v.362 aFAO10aAnalyse de filière :bapplication à l'analyse d'une filière d'exportation de cotonc/par L. Bockel, P. Fabre, M. Manssouri aRome :bFAO,c1994. a207 p. :bcuadros 0aFAO. Materiales de capacitación para la planificación agrícolav; 3614aAlgodonxExportacion.0 aBockel, L.0 aFabre, P.0 aManssouri, M. 0aFAO. Materiales de capacitación para la planificación agrícolav; 36